PNL y comunicación: la dimensión creativa

Guardat en:
Dades bibliogràfiques
Autor principal: Cudicio, Catherine (Autor)
Format: Llibre
Idioma:espanyol
Publicat: Barcelona Granica 1992
Matèries:
Etiquetes: Afegir etiqueta
Sense etiquetes, Sigues el primer a etiquetar aquest registre!

MARC

LEADER 00000cam a2200000 a 4500
001 UCF3654
003 CL-VaPUC
008 121025e19920000SP |||||||||||||||||spa|d
020 |a 9506411565 
082 0 4 |a 371.1022  |b CUD  |2 21 
100 0 |a Cudicio, Catherine  |e author  |9 565395 
245 1 0 |a PNL y comunicación: la dimensión creativa 
300 |a 240 p 
942 |c BK 
945 |d 20121025 00:00:00  |a dcastane 
260 |a Barcelona  |b Granica  |c 1992 
600 0 7 |a PNL  |2 CL-VaPUC  |9 543980 
650 7 |a COMUNICACION EN EL AULA  |2 CL-VaPUC  |9 543981 
650 0 |a Comunicación en educación  |9 308055 
650 0 |a Aprendizaje   |9 254827 
650 0 |a Educación lingüística  |9 306506 
583 |a last modification  |c 20180502 10:50:04  |k Rodrigo Vera 
999 |c 349844  |d 349842 
952 |0 0  |1 0  |4 0  |6 371_102200000000000_CUD_1992  |7 0  |8 A  |9 452651  |a BIBEDU  |b BIBEDU  |d 2019-11-22  |i 4916506  |o 371.1022 CUD 1992  |p 4916506  |r 2019-11-22  |w 2019-11-22  |y BK  |k EPE